[Event "Izhevsk Udmurtia-ch"]
[Site "Izhevsk"]
[Date "2011.12.05"]
[Round "5"]
[White "Ivanov, Vladimir A"]
[Black "Pushin, Vladimir"]
[Result "0-1"]
[WhiteElo "2035"]
[BlackElo "2399"]
[PlyCount "48"]
[EventDate "2011.12.02"]
[EventType "swiss"]
[EventRounds "11"]
[EventCountry "RUS"]
[SourceTitle "CBM 146 Extra"]
[Source "ChessBase"]
[SourceDate "2012.02.29"]
[SourceVersion "1"]
[SourceVersionDate "2012.02.29"]
[SourceQuality "1"]

1. e4 c6 2. d4 d5 3. Nc3 dxe4 4. Nxe4 Bf5 5. Nc5 Qb6 6. Nb3 Nf6 7. Nf3 e6 8. Bd3 Bg6 9. 0-0 Nbd7 10. Re1 Be7 11. c4 Qc7 12. h3 a5 13. Ne5 Nxe5 14. dxe5 Rd8 15. exf6 Rxd3 16. fxg7 Rg8 17. Qg4 Bf5 18. Bf4 Qd8 19. Qxf5 exf5 20. Bg5 Rd7 21. Bf6 b6 22. a4 c5 23. g3 Qa8 24. Re2 Qc6 0-1

[Event "Izhevsk Udmurtia-ch"]
[Site "Izhevsk"]
[Date "2011.12.05"]
[Round "6"]
[White "Poletaev, Vitaly"]
[Black "Ivanov, Vladimir A"]
[Result "0-1"]
[WhiteElo "2027"]
[BlackElo "2035"]
[PlyCount "104"]
[EventDate "2011.12.02"]
[EventType "swiss"]
[EventRounds "11"]
[EventCountry "RUS"]
[SourceTitle "CBM 146 Extra"]
[Source "ChessBase"]
[SourceDate "2012.02.29"]
[SourceVersion "1"]
[SourceVersionDate "2012.02.29"]
[SourceQuality "1"]

1. e4 e5 2. Bc4 Nc6 3. Nf3 Nf6 4. Ng5 d5 5. exd5 Na5 6. Bb5+ c6 7. dxc6 bxc6 8. Qf3 Rb8 9. Bxc6+ Nxc6 10. Qxc6+ Nd7 11. d3 Be7 12. Ne4 Rb6 13. Qa4 0-0 14. c3 f5 15. Nbd2 fxe4 16. Nxe4 Ba6 17. Be3 Nc5 18. Nxc5 Bxc5 19. 0-0 Bxe3 20. fxe3 Bxd3 21. Rxf8+ Qxf8 22. b4 Rf6 23. h3 a6 24. Qa5 e4 25. a4 h6 26. Qd5+ Kh7 27. Qd7 Rf2 28. Qe6 Rc2 29. Qg4 Rxc3 30. b5 Rc5 31. bxa6 Rg5 32. Qh4 Qc5 33. Qf2 Bxa6 34. Kh1 Rd5 35. Qf4 Bd3 36. a5 Qc3 37. Ra2 Rxa5 38. Rf2 Qa1+ 39. Kh2 Qe5 40. g3 Qxf4 41. gxf4 Kg6 42. Rg2+ Kh5 43. Kg3 Ra6 44. f5 Kg5 45. Rf2 Ra1 46. f6 gxf6 47. h4+ Kg6 48. Kf4 Rf1 49. Rxf1 Bxf1 50. Kxe4 Kh5 51. Kf5 Kxh4 52. Kxf6 Kg4 0-1

[Event "Izhevsk Udmurtia-ch"]
[Site "Izhevsk"]
[Date "2011.12.02"]
[Round "1"]
[White "Ivanov, Vladimir A"]
[Black "Filipenko, Alexander V"]
[Result "0-1"]
[WhiteElo "2035"]
[BlackElo "2353"]
[PlyCount "62"]
[EventDate "2011.12.02"]
[EventType "swiss"]
[EventRounds "11"]
[EventCountry "RUS"]
[SourceTitle "CBM 146 Extra"]
[Source "ChessBase"]
[SourceDate "2012.02.29"]
[SourceVersion "1"]
[SourceVersionDate "2012.02.29"]
[SourceQuality "1"]

1. e4 c5 2. Nc3 Nc6 3. g3 g6 4. Bg2 Bg7 5. Nge2 d6 6. 0-0 Rb8 7. d3 Nf6 8. h3 0-0 9. Be3 b5 10. Qd2 b4 11. Nd1 Ne8 12. c3 Ba6 13. f4 bxc3 14. bxc3 Qa5 15. e5 Rc8 16. exd6 Nxd6 17. Nc1 c4 18. d4 Nf5 19. Ne2 Rfd8 20. g4 Nfxd4 21. Nxd4 Nxd4 22. Qf2 Nb5 23. Bxa7 Nxa7 24. Qxa7 Rc7 25. Qf2 Bxc3 26. Nxc3 Qxc3 27. Rac1 Qd4 28. Rfd1 Qxd1+ 29. Rxd1 Rxd1+ 30. Kh2 c3 31. Qb6 c2 0-1

[Event "Izhevsk Udmurtia-ch"]
[Site "Izhevsk"]
[Date "2011.12.02"]
[Round "2"]
[White "Shibanov, Viktor"]
[Black "Ivanov, Vladimir A"]
[Result "1/2-1/2"]
[WhiteElo "1926"]
[BlackElo "2035"]
[PlyCount "120"]
[EventDate "2011.12.02"]
[EventType "swiss"]
[EventRounds "11"]
[EventCountry "RUS"]
[SourceTitle "CBM 146 Extra"]
[Source "ChessBase"]
[SourceDate "2012.02.29"]
[SourceVersion "1"]
[SourceVersionDate "2012.02.29"]
[SourceQuality "1"]

1. d4 d5 2. Bg5 Nd7 3. Nf3 Ngf6 4. e3 g6 5. c4 c6 6. Nc3 Bg7 7. Be2 0-0 8. 0-0 Re8 9. Rc1 Qa5 10. Qb3 e6 11. h3 dxc4 12. Bxc4 b5 13. Be2 Bb7 14. Rfd1 Rac8 15. Bf4 a6 16. a4 b4 17. Na2 Bf8 18. Ne5 Nxe5 19. Bxe5 Nd7 20. Bf3 Nb6 21. Rc2 Qxa4 22. Qxa4 Nxa4 23. b3 Nb6 24. Rdc1 Nd5 25. e4 Nb6 26. Bf4 a5 27. Be3 a4 28. Rb1 Ba6 29. Rd2 axb3 30. Rxb3 Nc4 31. Rc2 Nxe3 32. fxe3 c5 33. dxc5 Bb5 34. Rxb4 Bxc5 35. Rbb2 Bxe3+ 36. Kh1 Ba6 37. Rxc8 Rxc8 38. Rb3 Bc4 39. Rxe3 Bxa2 40. e5 Rc5 41. Kh2 Kg7 42. Kg3 f6 43. exf6+ Kxf6 44. h4 Re5 45. Ra3 Bd5 46. Ra7 h5 47. Kf4 Re1 48. Ra6 Rf1 49. Rb6 Bxf3 50. gxf3 Rc1 51. Rb5 Rc4+ 52. Kg3 Rc3 53. Rb4 e5 54. Ra4 Rd3 55. Rb4 g5 56. hxg5+ Kxg5 57. Re4 Kf5 58. Rh4 Kf6 59. Kf2 Kg5 60. Re4 Kf5 1/2-1/2

[Event "PriFR-ch Seniors"]
[Site "Izhevsk"]
[Date "2010.03.19"]
[Round "7"]
[White "Ivanov, Vladimir A"]
[Black "Balakhontsev, Evgeny"]
[Result "1-0"]
[WhiteElo "2179"]
[BlackElo "1937"]
[PlyCount "53"]
[EventDate "2010.03.13"]
[EventType "swiss"]
[EventRounds "9"]
[EventCountry "RUS"]
[SourceTitle "EXT 2012"]
[Source "ChessBase"]
[SourceDate "2011.11.24"]
[SourceVersion "1"]
[SourceVersionDate "2011.11.24"]
[SourceQuality "1"]

1. e4 e5 2. Nf3 Nc6 3. Bc4 Nf6 4. d4 exd4 5. e5 d5 6. Bb5 Ne4 7. Nxd4 Bd7 8. Bxc6 bxc6 9. 0-0 Bc5 10. Be3 Bb6 11. f3 Ng5 12. f4 Ne6 13. c3 0-0 14. f5 Ng5 15. Nd2 Re8 16. Qg4 h6 17. h4 Rxe5 18. Rae1 Qe8 19. hxg5 Rxe3 20. gxh6 g6 21. Qh4 Rxe1 22. Rxe1 Qf8 23. fxg6 fxg6 24. Rf1 Qd8 25. Qg3 Bf5 26. Rxf5 Bxd4+ 27. cxd4 1-0

[Event "PriFR-ch Seniors"]
[Site "Izhevsk"]
[Date "2010.03.17"]
[Round "5"]
[White "Ivanov, Vladimir A"]
[Black "Kutlyarov, Aleksandr"]
[Result "1-0"]
[WhiteElo "2179"]
[BlackElo "2120"]
[PlyCount "120"]
[EventDate "2010.03.13"]
[EventType "swiss"]
[EventRounds "9"]
[EventCountry "RUS"]
[SourceTitle "EXT 2012"]
[Source "ChessBase"]
[SourceDate "2011.11.24"]
[SourceVersion "1"]
[SourceVersionDate "2011.11.24"]
[SourceQuality "1"]

1. e4 c5 2. Nf3 Nc6 3. c3 d5 4. Bd3 Nf6 5. e5 Ng4 6. Qe2 c4 7. Bc2 Qc7 8. Ba4 a6 9. Bxc6+ Qxc6 10. d3 cxd3 11. Qxd3 g6 12. 0-0 Bg7 13. Bf4 h5 14. Nbd2 Bf5 15. Qe2 Rc8 16. Rfe1 Qb6 17. Nb3 Bd7 18. Nbd4 e6 19. Qd2 Nh6 20. h3 Rc4 21. b3 Rc8 22. Re3 Nf5 23. Nxf5 gxf5 24. Nd4 Bf8 25. Rg3 Be7 26. Bg5 Qd8 27. h4 Bxg5 28. Rxg5 Qc7 29. Rc1 Qxe5 30. Re1 Qc7 31. Nxf5 Kf8 32. Rg3 exf5 33. Qg5 Be6 34. Rxe6 fxe6 35. Qf6+ Ke8 36. Qxe6+ Kd8 37. Qf6+ Qe7 38. Qxh8+ Kc7 39. Rg7 Rxh8 40. Rxe7+ Kc6 41. Rf7 Re8 42. Kf1 Re5 43. Rh7 f4 44. Rf7 Re4 45. Rf5 b5 46. Rxh5 b4 47. cxb4 d4 48. Rc5+ Kd6 49. Rc8 f3 50. gxf3 Rxh4 51. Ra8 Kd5 52. Ke2 Rh6 53. Rf8 Rb6 54. a3 Ke5 55. Kd3 a5 56. f4+ Ke6 57. Kxd4 axb4 58. Kc5 Rb7 59. a4 Ke7 60. Rh8 Kf6 1-0

[Event "PriFR-ch Seniors"]
[Site "Izhevsk"]
[Date "2010.03.16"]
[Round "4"]
[White "Poletaev, Vitaly"]
[Black "Ivanov, Vladimir A"]
[Result "1-0"]
[WhiteElo "2092"]
[BlackElo "2179"]
[PlyCount "83"]
[EventDate "2010.03.13"]
[EventType "swiss"]
[EventRounds "9"]
[EventCountry "RUS"]
[SourceTitle "EXT 2012"]
[Source "ChessBase"]
[SourceDate "2011.11.24"]
[SourceVersion "1"]
[SourceVersionDate "2011.11.24"]
[SourceQuality "1"]

1. e4 e5 2. Bc4 Nf6 3. d3 Bc5 4. Nf3 d6 5. h3 0-0 6. Bg5 Nbd7 7. Nc3 c6 8. a3 Re8 9. 0-0 Nf8 10. Na4 b5 11. Nxc5 bxc4 12. Na4 Ba6 13. Re1 h6 14. Bxf6 Qxf6 15. d4 Ng6 16. dxe5 dxe5 17. Nh2 Bc8 18. Qf3 Nf4 19. Nc3 Rb8 20. Rab1 Qg5 21. Kh1 Rd8 22. Nf1 Ne6 23. Qe3 Nd4 24. Qxg5 hxg5 25. Ne3 Be6 26. Na4 Rb5 27. Rbc1 Rdb8 28. Nd1 Ra5 29. Nac3 g6 30. Re3 Kg7 31. Nb1 f5 32. exf5 gxf5 33. Nd2 Kf6 34. Nf3 Rh8 35. Ng1 f4 36. Rc3 Nb5 37. f3 Nxc3 38. Nxc3 Bd5 39. Re1 Rb8 40. Nd1 Be6 41. g4 Bf5 42. gxf5 1-0

[Event "Izhevsk-ch"]
[Site "Izhevsk"]
[Date "2010.02.28"]
[Round "9"]
[White "Makarenko, Alexandra"]
[Black "Ivanov, Vladimir A"]
[Result "1/2-1/2"]
[WhiteElo "1905"]
[BlackElo "2179"]
[PlyCount "100"]
[EventDate "2010.02.12"]
[EventType "swiss"]
[EventRounds "9"]
[EventCountry "RUS"]
[SourceTitle "EXT 2012"]
[Source "ChessBase"]
[SourceDate "2011.11.24"]
[SourceVersion "1"]
[SourceVersionDate "2011.11.24"]
[SourceQuality "1"]

1. e4 e5 2. Nf3 Nc6 3. Bb5 a6 4. Ba4 Nf6 5. 0-0 Be7 6. Re1 b5 7. Bb3 d6 8. h3 0-0 9. c3 Na5 10. Bc2 c5 11. d4 Qc7 12. d5 c4 13. Nbd2 Nb7 14. Nf1 Nc5 15. Ng3 Bd7 16. Nh4 g6 17. Bh6 Rfb8 18. b4 cxb3 19. axb3 b4 20. c4 a5 21. f4 a4 22. fxe5 dxe5 23. Qf3 axb3 24. Rxa8 Rxa8 25. Bb1 b2 26. Rd1 Ne8 27. Ngf5 gxf5 28. d6 Bxd6 29. exf5 f6 30. Qxa8 Bc6 31. Qa2 e4 32. Be3 Ba4 33. Rd5 Bb3 34. Qxb2 Bxc4 35. Rd1 Na4 36. Qd2 Nc3 37. Re1 Bg3 38. Bf2 Qf4 39. Qxf4 Bxf4 40. Bxe4 Bd2 41. Bd5+ Nxd5 42. Rxe8+ Kf7 43. Rb8 Bc3 44. Rb7+ Ke8 45. Bc5 b3 46. Ba3 Bd4+ 47. Kh1 Ne3 48. Bc1 Nf1 49. Rb4 Ng3+ 50. Kh2 Nf1+ 1/2-1/2

[Event "Izhevsk-ch"]
[Site "Izhevsk"]
[Date "2010.02.26"]
[Round "8"]
[White "Ivanov, Vladimir A"]
[Black "Kostitsina, Liubov"]
[Result "1/2-1/2"]
[WhiteElo "2179"]
[BlackElo "1869"]
[PlyCount "111"]
[EventDate "2010.02.12"]
[EventType "swiss"]
[EventRounds "9"]
[EventCountry "RUS"]
[SourceTitle "EXT 2012"]
[Source "ChessBase"]
[SourceDate "2011.11.24"]
[SourceVersion "1"]
[SourceVersionDate "2011.11.24"]
[SourceQuality "1"]

1. e4 c5 2. Nf3 d6 3. Bb5+ Bd7 4. Bxd7+ Qxd7 5. c4 Nc6 6. d4 cxd4 7. Nxd4 Nf6 8. Nc3 g6 9. f3 Bg7 10. Be3 0-0 11. 0-0 Rac8 12. b3 Rfd8 13. Qd2 e6 14. Rac1 d5 15. exd5 exd5 16. c5 Re8 17. Bf2 Rcd8 18. Rfd1 h5 19. Re1 Rxe1+ 20. Rxe1 Re8 21. Kf1 Rxe1+ 22. Qxe1 Qc7 23. g3 Qa5 24. Na4 Qxe1+ 25. Kxe1 Nxd4 26. Bxd4 Nd7 27. Bf2 Ne5 28. Ke2 Kf8 29. Bd4 Nc6 30. Bxg7+ Kxg7 31. Nc3 Ne7 32. Nb5 Nc6 33. Nd6 Nd8 34. Ne8+ Kf8 35. Nc7 Ne6 36. Nxe6+ fxe6 37. f4 a5 38. Kd3 Ke7 39. Kd4 Kd7 40. h3 Kc6 41. a4 b6 42. cxb6 Kxb6 43. g4 hxg4 44. hxg4 Kc6 45. Ke5 Kd7 46. f5 exf5 47. gxf5 gxf5 48. Kxd5 Kc7 49. Ke5 Kc6 50. Kxf5 Kd5 51. Kf4 Kd4 52. Kf3 Kd3 53. Kf2 Kc3 54. Ke3 Kxb3 55. Kd2 Kxa4 56. Kc2 1/2-1/2

[Event "Izhevsk-ch"]
[Site "Izhevsk"]
[Date "2010.02.20"]
[Round "6"]
[White "Ivanov, Vladimir A"]
[Black "Shishkin, Alexander"]
[Result "1-0"]
[WhiteElo "2179"]
[BlackElo "2061"]
[PlyCount "115"]
[EventDate "2010.02.12"]
[EventType "swiss"]
[EventRounds "9"]
[EventCountry "RUS"]
[SourceTitle "EXT 2012"]
[Source "ChessBase"]
[SourceDate "2011.11.24"]
[SourceVersion "1"]
[SourceVersionDate "2011.11.24"]
[SourceQuality "1"]

1. e4 d6 2. d4 g6 3. f4 Bg7 4. Nf3 e6 5. Bd3 Ne7 6. 0-0 c5 7. c3 Qb6 8. Na3 a6 9. Be3 Qc7 10. e5 dxe5 11. dxe5 0-0 12. b4 Nd7 13. Nc4 Nd5 14. Bd2 Rd8 15. Nd6 Bf8 16. Nxf7 Kxf7 17. Ng5+ Kg8 18. Nxe6 Qb6 19. c4 Nxb4 20. Be4 Re8 21. Ng5 Bg7 22. a3 h6 23. Nf3 Nc6 24. Bxg6 Rf8 25. Rb1 Qc7 26. Be4 Ne7 27. Qe1 Rb8 28. Qh4 Re8 29. Qh5 Nf8 30. Qxe8 Bf5 31. Qxb8 Qxb8 32. Rxb7 Qd8 33. Bb1 Ne6 34. Rxe7 Qxe7 35. Bxf5 Nd4 36. Be4 Qd8 37. Rb1 Nxf3+ 38. Bxf3 Qxd2 39. Rb8+ Bf8 40. Bd5+ Kg7 41. g3 h5 42. Rb7+ Kh6 43. Rb6+ Kh7 44. Rb7+ Bg7 45. Be4+ Kh8 46. Rb8+ Bf8 47. Bd5 Qd1+ 48. Kg2 Qc2+ 49. Kf3 Qf5 50. Be4 Qf7 51. Bd5 Qg7 52. Rb7 Qg4+ 53. Kf2 h4 54. Be4 hxg3+ 55. hxg3 Qc8 56. f5 Qe8 57. f6 Qxe5 58. Rh7+ 1-0

[Event "Izhevsk-ch"]
[Site "Izhevsk"]
[Date "2010.02.19"]
[Round "5"]
[White "Ermolaev, Evgeny"]
[Black "Ivanov, Vladimir A"]
[Result "1-0"]
[WhiteElo "1955"]
[BlackElo "2179"]
[PlyCount "71"]
[EventDate "2010.02.12"]
[EventType "swiss"]
[EventRounds "9"]
[EventCountry "RUS"]
[SourceTitle "EXT 2012"]
[Source "ChessBase"]
[SourceDate "2011.11.24"]
[SourceVersion "1"]
[SourceVersionDate "2011.11.24"]
[SourceQuality "1"]

1. e4 e5 2. Nf3 Nc6 3. d4 exd4 4. Nxd4 Bc5 5. Be3 Qf6 6. c3 Nge7 7. g3 Bb6 8. Bg2 0-0 9. 0-0 a6 10. Qd2 Ne5 11. Bg5 Qd6 12. Kh1 f6 13. Bf4 N7g6 14. Na3 Nxf4 15. gxf4 Ng6 16. f5 Qf4 17. Qd3 Ne5 18. Qg3 Qd2 19. f4 Qxb2 20. fxe5 Qxa3 21. exf6 Rxf6 22. e5 Bxd4 23. exf6 Bxf6 24. Bd5+ Kh8 25. Rae1 Qf8 26. Qe3 d6 27. Qe8 Bxf5 28. Qxf8+ Rxf8 29. Rxf5 c6 30. Bg2 Rd8 31. Rf3 Kg8 32. Rb1 Rd7 33. c4 Re7 34. Rfb3 Re2 35. Rxb7 Rxa2 36. Rd7 1-0

[Event "Izhevsk-ch"]
[Site "Izhevsk"]
[Date "2010.02.17"]
[Round "4"]
[White "Ivanov, Vladimir A"]
[Black "Melikhov, Yury"]
[Result "1-0"]
[WhiteElo "2179"]
[BlackElo "1892"]
[PlyCount "77"]
[EventDate "2010.02.12"]
[EventType "swiss"]
[EventRounds "9"]
[EventCountry "RUS"]
[SourceTitle "EXT 2012"]
[Source "ChessBase"]
[SourceDate "2011.11.24"]
[SourceVersion "1"]
[SourceVersionDate "2011.11.24"]
[SourceQuality "1"]

1. e4 c5 2. Nf3 d6 3. Bb5+ Bd7 4. Bxd7+ Nxd7 5. 0-0 Ngf6 6. Re1 Qc7 7. c4 h6 8. Nc3 e5 9. d3 g5 10. a3 a6 11. Bd2 Bg7 12. b4 0-0 13. Rb1 b6 14. Qe2 Rfb8 15. Rec1 Nf8 16. Be3 Ne6 17. Nd5 Nxd5 18. cxd5 Nd4 19. Bxd4 exd4 20. h3 Kh8 21. Nh2 Qe7 22. Qg4 a5 23. b5 Ra7 24. a4 Qf6 25. Nf1 Qg6 26. Ng3 Be5 27. Nf5 h5 28. Qe2 Kh7 29. g3 Rd7 30. Kh1 g4 31. hxg4 hxg4 32. Kg2 Rh8 33. Rh1+ Kg8 34. Rxh8+ Kxh8 35. Rh1+ Kg8 36. Rh4 Kf8 37. Rxg4 Qh7 38. Rh4 Qg8 39. f4 1-0

[Event "UKR-ch sf"]
[Site "Alushta"]
[Date "2004.05.10"]
[Round "7"]
[White "Ivanov, Vladimir A"]
[Black "Hermanov, Alexander"]
[Result "0-1"]
[WhiteElo "2238"]
[BlackElo "2273"]
[PlyCount "90"]
[EventDate "2004.05.04"]
[EventType "swiss"]
[EventRounds "9"]
[EventCountry "UKR"]
[SourceTitle "EXT 2005"]
[Source "ChessBase"]
[SourceDate "2004.11.15"]
[SourceVersion "1"]
[SourceVersionDate "2004.11.15"]
[SourceQuality "1"]

1. e4 e6 2. d4 d5 3. e5 c5 4. c3 Ne7 5. Nf3 Nec6 6. Be3 Be7 7. Bd3 b6 8. Qe2 a5 9. dxc5 bxc5 10. Na3 Ba6 11. c4 Nb4 12. Bb1 N8c6 13. 0-0 a4 14. Rd1 Na5 15. Nd2 Qb8 16. Bf4 h5 17. b3 g5 18. Be3 d4 19. bxa4 dxe3 20. Qxe3 Nac6 21. Re1 Nd4 22. Nb3 Qb6 23. Be4 Rd8 24. Rec1 Bb7 25. Nb5 Bxe4 26. Qxe4 Qc6 27. Qe1 Nd3 28. Qe3 Nxc1 29. Rxc1 Nf5 30. Qe1 g4 31. a5 Nh4 32. Qf1 Bg5 33. Rb1 0-0 34. Na7 Qa8 35. Nb5 Bd2 36. Nc7 Qc6 37. Nb5 Bf4 38. Re1 Rd7 39. a6 Rfd8 40. a7 Bxe5 41. Na5 Qa8 42. f3 Bd4+ 43. Nxd4 Rxd4 44. Qf2 gxf3 45. Nb3 Rg4 0-1

[Event "UKR-ch sf"]
[Site "Alushta"]
[Date "2004.05.08"]
[Round "5"]
[White "Ivanov, Vladimir A"]
[Black "Kozlov, Yriy"]
[Result "0-1"]
[WhiteElo "2238"]
[BlackElo "2292"]
[PlyCount "88"]
[EventDate "2004.05.04"]
[EventType "swiss"]
[EventRounds "9"]
[EventCountry "UKR"]
[SourceTitle "EXT 2005"]
[Source "ChessBase"]
[SourceDate "2004.11.15"]
[SourceVersion "1"]
[SourceVersionDate "2004.11.15"]
[SourceQuality "1"]

1. e4 e5 2. Nf3 Nc6 3. Bb5 a6 4. Ba4 Nf6 5. 0-0 Nxe4 6. d4 b5 7. Bb3 Be7 8. dxe5 Nc5 9. Bd5 0-0 10. Nd4 Bb7 11. Nf5 Nxe5 12. b4 c6 13. Be3 Na4 14. Bb3 d6 15. Bd4 Bf6 16. c3 c5 17. Bxe5 Bxe5 18. Bxa4 Qg5 19. Ng3 bxa4 20. bxc5 f5 21. Qxa4 f4 22. Qb3+ Rf7 23. c6 Bxc6 24. Qc4 fxg3 25. Qxc6 gxf2+ 26. Kh1 Raf8 27. g3 Qh6 28. Kg2 Rf5 29. Qd5+ Kh8 30. Qd2 Qh5 31. Qd3 Qg4 32. h3 Qf3+ 33. Qxf3 Rxf3 34. Nd2 Rxg3+ 35. Kh1 Rxh3+ 36. Kg2 Rg3+ 37. Kh1 Rf6 38. Rxf2 Rxf2 39. Ne4 Rh3+ 40. Kg1 Rfh2 41. Nf2 Rh5 42. Rb1 h6 43. Rb8+ Kh7 44. Nd3 Rg5+ 0-1

[Event "UKR-ch sf"]
[Site "Alushta"]
[Date "2004.05.05"]
[Round "2"]
[White "Tukhaev, Adam"]
[Black "Ivanov, Vladimir A"]
[Result "1-0"]
[WhiteElo "2354"]
[BlackElo "2238"]
[PlyCount "73"]
[EventDate "2004.05.04"]
[EventType "swiss"]
[EventRounds "9"]
[EventCountry "UKR"]
[SourceTitle "EXT 2005"]
[Source "ChessBase"]
[SourceDate "2004.11.15"]
[SourceVersion "1"]
[SourceVersionDate "2004.11.15"]
[SourceQuality "1"]

1. e4 e6 2. d4 d5 3. Nd2 Nf6 4. e5 Nfd7 5. Bd3 c5 6. c3 Nc6 7. Ne2 cxd4 8. cxd4 f6 9. exf6 Nxf6 10. 0-0 Bd6 11. Nf3 Qc7 12. Bg5 0-0 13. Bh4 Nh5 14. Qc2 h6 15. Bh7+ Kh8 16. Bg6 Nf4 17. Nxf4 Bxf4 18. Bg3 Qd6 19. Rfe1 Bd7 20. Bd3 Bxg3 21. hxg3 Rxf3 22. gxf3 Nxd4 23. Qd1 e5 24. Bf1 Rc8 25. f4 Nc2 26. Rxe5 Nxa1 27. Rxd5 Qb6 28. Rxd7 Qxb2 29. Rd8+ Rxd8 30. Qxd8+ Kh7 31. Bd3+ g6 32. f5 Qc1+ 33. Kh2 Qc5 34. fxg6+ Kg7 35. Qd7+ Kf6 36. Qf7+ Ke5 37. Qf5+ 1-0

[Event "Oberliga Ost-A 0102"]
[Site "Germany"]
[Date "2002.02.24"]
[Round "8.5"]
[White "Ivanov, Vladimir A"]
[Black "Sieber, Stephan"]
[Result "1-0"]
[WhiteElo "2169"]
[BlackElo "2106"]
[PlyCount "113"]
[EventDate "2001.10.07"]
[EventType "team-tourn"]
[EventRounds "11"]
[EventCountry "GER"]
[SourceTitle "EXT 2003"]
[Source "ChessBase"]
[SourceDate "2002.11.25"]
[SourceVersion "1"]
[SourceVersionDate "2002.11.25"]
[SourceQuality "1"]
[WhiteTeam "Magdeburg USC II"]
[BlackTeam "Erfurt Empor"]
[WhiteTeamCountry "GER"]
[BlackTeamCountry "GER"]

1. c4 f5 2. Nf3 Nf6 3. g3 d6 4. d4 e6 5. Bg2 Be7 6. 0-0 0-0 7. Nc3 d5 8. Bg5 c6 9. c5 Nfd7 10. Bxe7 Qxe7 11. b4 e5 12. dxe5 Nxe5 13. e3 a5 14. a3 axb4 15. axb4 Rxa1 16. Qxa1 Nbd7 17. Nxe5 Nxe5 18. Ne2 g5 19. Qc3 Ng6 20. Re1 Re8 21. Kf1 Qf7 22. f4 gxf4 23. exf4 Qe7 24. Nd4 Qxe1+ 25. Qxe1 Rxe1+ 26. Kxe1 Kf7 27. Kd2 Bd7 28. Bf1 Kf6 29. Kc3 Nf8 30. Bd3 h6 31. Kb2 Ne6 32. Bxf5 Nxc5 33. bxc5 Bxf5 34. Kc3 Be4 35. g4 Bg2 36. h4 Bh3 37. g5+ hxg5 38. hxg5+ Kg6 39. Kb4 Kh5 40. Ka5 Bf1 41. Kb6 Ba6 42. Kc7 Kg6 43. Kd6 Bc4 44. Ke5 Bd3 45. Nf3 Kh5 46. f5 Kg4 47. Nd4 Kxg5 48. Ne6+ Kh6 49. f6 Bg6 50. Nd8 Kh7 51. Nxb7 Be8 52. Ke6 Kg8 53. Nd6 Bg6 54. Ke7 d4 55. f7+ Bxf7 56. Nxf7 d3 57. Nh6+ 1-0

[Event "Oberliga Ost-A 0102"]
[Site "Germany"]
[Date "2001.10.07"]
[Round "1.5"]
[White "Schlichthaar, Robert"]
[Black "Ivanov, Vladimir A"]
[Result "0-1"]
[WhiteElo "2152"]
[BlackElo "2169"]
[PlyCount "72"]
[EventDate "2001.10.07"]
[EventType "team-tourn"]
[EventRounds "11"]
[EventCountry "GER"]
[SourceTitle "EXT 2003"]
[Source "ChessBase"]
[SourceDate "2002.11.25"]
[SourceVersion "1"]
[SourceVersionDate "2002.11.25"]
[SourceQuality "1"]
[WhiteTeam "Magdeburg Aufbau Elbe"]
[BlackTeam "Magdeburg USC II"]
[WhiteTeamCountry "GER"]
[BlackTeamCountry "GER"]

1. e4 c5 2. Nf3 Nc6 3. Bb5 Qb6 4. Nc3 e6 5. 0-0 Nd4 6. Bc4 g6 7. Nxd4 cxd4 8. Ne2 Ne7 9. d3 Bg7 10. f4 f5 11. Kh1 0-0 12. e5 Qc5 13. a4 Nc6 14. c3 d5 15. cxd4 Qb6 16. Ba2 Bd7 17. Qb3 Qxb3 18. Bxb3 Nb4 19. Rd1 Rfc8 20. Nc3 Bf8 21. Kg1 Rc6 22. Na2 Nc2 23. Bxc2 Rxc2 24. b3 Rac8 25. Kf1 a5 26. Rd2 b5 27. axb5 Bxb5 28. Ke1 Be7 29. Kd1 R2c7 30. Bb2 g5 31. g3 Be8 32. Rg2 Bh5+ 33. Ke1 Rc2 34. Rf2 gxf4 35. Rc1 Rxc1+ 36. Bxc1 Bb4+ 0-1

[Event "Petrov Memorial op"]
[Site "St Petersburg"]
[Date "1998.??.??"]
[Round "8"]
[White "Ivanov, Vladimir A"]
[Black "Sinkevich, Petr"]
[Result "1-0"]
[WhiteElo "2425"]
[BlackElo "2215"]
[PlyCount "57"]
[EventDate "1998.02.??"]
[EventType "swiss"]
[EventRounds "9"]
[EventCountry "RUS"]
[SourceTitle "EXT 1999"]
[Source "ChessBase"]
[SourceDate "1998.11.16"]
[SourceVersion "1"]
[SourceVersionDate "1998.11.16"]
[SourceQuality "1"]

1. Nf3 d5 2. c4 c6 3. e3 Nf6 4. Nc3 Bg4 5. cxd5 Bxf3 6. Qxf3 cxd5 7. d4 Nc6 8. g4 e6 9. g5 Nd7 10. h4 Bb4 11. Bd2 Nb6 12. a3 Bxc3 13. Bxc3 Na4 14. Bd2 Qb6 15. b4 Rc8 16. Rb1 Na5 17. Qd1 Nc3 18. Qc2 Nxb1 19. Qxc8+ Ke7 20. Qxh8 Nb3 21. Bd3 N1xd2 22. Qc8 a5 23. bxa5 Qxa5 24. Qxb7+ Kd8 25. Qb8+ Ke7 26. Qb4+ Qxb4 27. axb4 g6 28. Ke2 Kd6 29. Bc2 1-0

[Event "Petrov Memorial op"]
[Site "St Petersburg"]
[Date "1998.??.??"]
[Round "7"]
[White "Kashtanov, Ruslan"]
[Black "Ivanov, Vladimir A"]
[Result "1/2-1/2"]
[WhiteElo "2295"]
[BlackElo "2425"]
[PlyCount "109"]
[EventDate "1998.02.??"]
[EventType "swiss"]
[EventRounds "9"]
[EventCountry "RUS"]
[SourceTitle "EXT 1999"]
[Source "ChessBase"]
[SourceDate "1998.11.16"]
[SourceVersion "1"]
[SourceVersionDate "1998.11.16"]
[SourceQuality "1"]

1. e4 e5 2. Nf3 d6 3. d4 exd4 4. Qxd4 Ne7 5. Bg5 Nbc6 6. Qc3 f6 7. Bh4 Ng6 8. Nbd2 Nxh4 9. Nxh4 Qe7 10. 0-0-0 g6 11. f4 Bd7 12. f5 g5 13. Nhf3 g4 14. Nd4 Bh6 15. Bc4 Qe5 16. Ne2 0-0-0 17. Qxe5 Nxe5 18. Bb3 Bg5 19. Kb1 h5 20. Nc4 Rde8 21. Nc3 Nxc4 22. Bxc4 Bf4 23. h3 Be5 24. Ne2 Bc6 25. Bd5 Bxd5 26. exd5 Bxb2 27. Nf4 Bc3 28. Ng6 Rhg8 29. hxg4 hxg4 30. Rh7 Kd8 31. Rf7 Re4 32. a3 a5 33. Ka2 a4 34. Rh1 Rge8 35. Nf8 R4e7 36. Ne6+ Kc8 37. Rhh7 Rxf7 38. Rxf7 c6 39. dxc6 bxc6 40. Rc7+ Kb8 41. Rxc6 Be5 42. Rc4 g3 43. Rxa4 Rh8 44. Rb4+ Kc8 45. Rc4+ Kb7 46. Kb3 Rh5 47. Nd8+ Kb6 48. Rc6+ Ka7 49. Nf7 Rxf5 50. Nxe5 dxe5 51. Rc7+ Kb6 52. Rg7 Rf2 53. Rxg3 e4 54. Kc3 f5 55. Rg5 1/2-1/2

[Event "Petrov Memorial op"]
[Site "St Petersburg"]
[Date "1998.??.??"]
[Round "1"]
[White "Sepman, Yulius"]
[Black "Ivanov, Vladimir A"]
[Result "1-0"]
[WhiteElo "2155"]
[BlackElo "2425"]
[PlyCount "70"]
[EventDate "1998.02.??"]
[EventType "swiss"]
[EventRounds "9"]
[EventCountry "RUS"]
[SourceTitle "EXT 1999"]
[Source "ChessBase"]
[SourceDate "1998.11.16"]
[SourceVersion "1"]
[SourceVersionDate "1998.11.16"]
[SourceQuality "1"]

1. e4 e5 2. Nf3 Nc6 3. Bb5 d6 4. d4 Bd7 5. 0-0 Nf6 6. Re1 Be7 7. Nc3 exd4 8. Nxd4 0-0 9. h3 Re8 10. Bf4 Bf8 11. Nxc6 bxc6 12. Bc4 Be6 13. Bxe6 fxe6 14. e5 Nd5 15. Nxd5 cxd5 16. Qg4 Qd7 17. Rad1 Rab8 18. b3 dxe5 19. Rxe5 Qf7 20. Bg3 Rb4 21. Qe2 Bd6 22. Re3 Bxg3 23. fxg3 Qd7 24. Re5 c6 25. Re1 c5 26. Rxe6 Re4 27. Rxe4 Rxe4 28. Qf2 Rxe1+ 29. Qxe1 h6 30. Qe5 c4 31. Qd4 Qf7 32. Qf4 Qe7 33. Qd4 Qf7 34. bxc4 dxc4 35. Qf4 Qd5 1-0